000 00716nam a2200229 i 4500
003 EG-ScBUE
005 20260421113327.0
008 080904t1996 enka f 000 0 eng d
020 _a97845871236
040 _aEG-ScBUE
_beng
_erda
_cEG-ScBUE
_dEG-ScBUE
082 0 4 _a574.192016
_bADV
_222
245 0 0 _aAdvances In cellular research :
_bresearch products catalog
264 1 _aCambridge :
_bA Product Line Of Calbiochem,
_c[1996]
264 4 _cc1996
300 _a336 pages :
_billustrations ;
_c30 cm
336 _2rdacontent
_atext
_btxt
337 _aunmediated
_2rdamedia
_bn
338 _avolume
_bnc
_2rdacarrier
650 7 _9406
_aBio Chemistry-Catalogs.
_2BUEsh
655 _vReading book
942 _2ddc
_cBB
999 _c10158
_d10158